| 000 | 00568nam a2200205Ia 4500 | ||
|---|---|---|---|
| 005 | 20260429112209.0 | ||
| 008 | 260429s9999||||xx |||||||||||||| ||und|| | ||
| 020 | _a9789387826502 | ||
| 041 | _aEnglish | ||
| 082 |
_a398.209 _bKIN |
||
| 100 | _aKingscote, Howard | ||
| 245 | 0 |
_aTales of the sun or folklore of southern India / _cHoward Kingscote |
|
| 250 | _a1st ed. | ||
| 260 |
_aChennai : _bMJP Publishers , _c2025. |
||
| 300 | _a227 p.; hb | ||
| 650 | _a South India-Folklore | ||
| 650 | _aFolklore-India | ||
| 700 | _a Sastri, Pandit Natesa | ||
| 942 | _cTB | ||
| 999 |
_c52845 _d52845 |
||